|
|
|
|
| LEADER |
02805nam a22003853i 4500 |
| 001 |
EBC6209868 |
| 003 |
MiAaPQ |
| 005 |
20231204023214.0 |
| 006 |
m o d | |
| 007 |
cr cnu|||||||| |
| 008 |
231204s2019 xx o ||||0 ger d |
| 020 |
|
|
|a 9783110660234
|q (electronic bk.)
|
| 035 |
|
|
|a (MiAaPQ)EBC6209868
|
| 035 |
|
|
|a (Au-PeEL)EBL6209868
|
| 035 |
|
|
|a (OCoLC)1129169560
|
| 040 |
|
|
|a MiAaPQ
|b eng
|e rda
|e pn
|c MiAaPQ
|d MiAaPQ
|
| 100 |
1 |
|
|a Schiesser, Alexandra.
|
| 245 |
1 |
0 |
|a Dialekte Machen :
|b Konstruktion und Gebrauch Arealer Varianten Im Kontext Sprachraumbezogener Alltagsdiskurse.
|
| 250 |
|
|
|a 1st ed.
|
| 264 |
|
1 |
|a Berlin/Boston :
|b Walter de Gruyter GmbH,
|c 2019.
|
| 264 |
|
4 |
|c ©2020.
|
| 300 |
|
|
|a 1 online resource (448 pages)
|
| 336 |
|
|
|a text
|b txt
|2 rdacontent
|
| 337 |
|
|
|a computer
|b c
|2 rdamedia
|
| 338 |
|
|
|a online resource
|b cr
|2 rdacarrier
|
| 490 |
1 |
|
|a Linguistik - Impulse and Tendenzen Series ;
|v v.85
|
| 505 |
0 |
|
|a Intro -- Vorwort -- Abbildungsverzeichnis -- Tabellenverzeichnis -- Verzeichnis der Abkürzungen -- Inhalt -- 1. Einführung in die Thematik -- Theoretische Grundlagen -- 2. Vom Interesse daran, wie Laien Sprache wahrnehmen -- 3. Sprache und Raum -- 4. Sprechen über Sprache -- 5. Sprachliche Variation -- 6. Stil -- 7. Identität -- Empirische Untersuchung -- 8. Erhebung der Daten -- 9. Aufbereitung der Daten -- Ergebnisse -- 10. Mentale Strukturierung des Sprachraums -- 11. Diskursive Konstituierung des Sprachraums -- 12. Konzeptualisierung soziosymbolisch relevanter Varianten -- 13. Gruppenspezifischer Gebrauch soziosymbolisch relevanter Varianten -- 14. Individueller Gebrauch soziosymbolisch relevanter Varianten -- 15. Zusammenschau der Ergebnisse -- 16. Ausblick -- Literaturverzeichnis -- Register.
|
| 520 |
|
|
|a Die Buchreihe Linguistik - Impulse & Tendenzen (LIT) ist ein attraktives Forum für hochwertige Arbeiten zur Sprachwissenschaft - insbesondere zur germanistischen Linguistik. Sie sucht aktuelle Tendenzen aufzunehmen und widerzuspiegeln, gleichzeitig aber wegweisende Impulse für das Fach und seine weitere Entwicklung zu geben. Im Fokus steht die synchrone Sprachwissenschaft mit all ihren Facetten.
|
| 588 |
|
|
|a Description based on publisher supplied metadata and other sources.
|
| 590 |
|
|
|a Electronic reproduction. Ann Arbor, Michigan : ProQuest Ebook Central, 2023. Available via World Wide Web. Access may be limited to ProQuest Ebook Central affiliated libraries.
|
| 655 |
|
4 |
|a Electronic books.
|
| 776 |
0 |
8 |
|i Print version:
|a Schiesser, Alexandra
|t Dialekte Machen
|d Berlin/Boston : Walter de Gruyter GmbH,c2019
|
| 797 |
2 |
|
|a ProQuest (Firm)
|
| 830 |
|
0 |
|a Linguistik - Impulse and Tendenzen Series
|
| 856 |
4 |
0 |
|u https://ebookcentral.proquest.com/lib/matrademy/detail.action?docID=6209868
|z Click to View
|